English Legal System in Context / (Record no. 5897)

MARC details
000 -LEADER
fixed length control field 00709nam a22002537a 4500
003 - CONTROL NUMBER IDENTIFIER
control field OSt
005 - DATE AND TIME OF LATEST TRANSACTION
control field 20170806102436.0
008 - FIXED-LENGTH DATA ELEMENTS--GENERAL INFORMATION
fixed length control field 140630b xxu||||| |||| 00| 0 eng d
020 ## - INTERNATIONAL STANDARD BOOK NUMBER
International Standard Book Number 9780199567409
040 ## - CATALOGING SOURCE
Original cataloging agency LDCLIB
Transcribing agency LDCLIB
082 ## - DEWEY DECIMAL CLASSIFICATION NUMBER
Edition number 22.
Classification number 340.11
Item number COW
100 ## - MAIN ENTRY--PERSONAL NAME
Personal name Cownie, Fiona.
245 ## - TITLE STATEMENT
Title English Legal System in Context /
Statement of responsibility, etc Fiona Cownie, Anthony Bradney and Mandy Burton.
250 ## - EDITION STATEMENT
Edition statement 4th ed.
260 ## - PUBLICATION, DISTRIBUTION, ETC. (IMPRINT)
Place of publication, distribution, etc USA :
Name of publisher, distributor, etc Oxfor Univ. Press,
Date of publication, distribution, etc 2007.
300 ## - PHYSICAL DESCRIPTION
Extent xxv, 421 p. ;
Dimensions 25 cm.
500 ## - GENERAL NOTE
General note Includes Index
650 ## - SUBJECT ADDED ENTRY--TOPICAL TERM
Topical term or geographic name as entry element Law
650 ## - SUBJECT ADDED ENTRY--TOPICAL TERM
Topical term or geographic name as entry element Legal writing
650 ## - SUBJECT ADDED ENTRY--TOPICAL TERM
Topical term or geographic name as entry element English legal system in context
700 ## - ADDED ENTRY--PERSONAL NAME
Personal name Bradney, Anthony.
700 ## - ADDED ENTRY--PERSONAL NAME
Personal name Burton, Mandy.
942 ## - ADDED ENTRY ELEMENTS (KOHA)
Source of classification or shelving scheme Dewey Decimal Classification
Koha item type Books
Holdings
Withdrawn status Lost status Source of classification or shelving scheme Damaged status Not for loan Home library Current library Shelving location Date acquired Total Checkouts Full call number Barcode Date last seen Copy number Price effective from Koha item type Public note
    Dewey Decimal Classification     Law Development Centre Main Library Law Development Centre Main Library Text Books and Laws 06/30/2014   340.11 COW 9972/2014 06/30/2014 1 06/30/2014 Books reserve
    Dewey Decimal Classification     Law Development Centre Main Library Law Development Centre Main Library Text Books and Laws 06/30/2014   340.11 COW 9973/2014 06/30/2014 2 06/30/2014 Books reserve